000 00951nam a22003257a 4500
001 021602848
003 TZ-ArACH
005 20251119150812.0
007 t|
008 250407r20252005enka b 001|0beng|d
015 _aGBC545470
_2bnb
016 7 _a300548711
_2Uk
020 _a1904341837
_qpaperback
024 8 _aCIPO000225016
040 _aStDuBDS
_beng
_cTZ-ArACH
_erda
050 _aDT107.83 .
_b.A44 2005
100 1 _aAlexander, Anne
_d1974-
_eauthor.
245 1 0 _aNasser
_cAnne Alexander
260 _aLondon:
_bAnne Alexander;
_c2005
263 _a202507
300 _a192 p.:
_bill.;
_c20 cm.
490 0 _aHaus curiosities
500 _aOriginally published: 2005.
504 _aIncludes bibliographical references and index.
600 1 0 _aNasser, Gamal Abdel,
_d1918-1970
650 0 _aHeads of state
_zEgypt
_vBiography.
651 0 _aEgypt
_xHistory
_y1919-1952.
651 0 _aEgypt
_xHistory
_y1952-1970.
942 _2lcc
_cBOOK
999 _c7697
_d7697